1939 1337 1286 1827 1278 1527 1668 1916 1304 1322 1368 1406 1327 1745 1383 1757 1713 1923 1467 1614 1714 1880 1637 1620 1056 1318 1092 1419 1560 1175 1010 1265 1025 1723 1937 1238 1477 1031 1914 1056 1593 1394 1097 1105 1977 1601 1212 1710 1054 1731 1769 1642 1087 1360 1324 1972 1791 1604 1177 1546 1991 1140 1013 1441 1282 1058 1141 1297 1373 1230 1074 1615 1567 1753 1928 1899 1445 1120 1889 1526 1733 1221 1284 1103 1176 1355 1536 1114 1188 1848 1165 1034 1785 1068 1715 1844 1178 1322 1584 BCNSPRNW ULIB Ver.6.0+V

เปลี่ยนเป็นภาษาไทย

Change to English
 แสดงรายละเอียดบรรณานุกรม
  กลับหน้าหลัก

Brief Record : Get Marc (ISO 2709) : E-mail record : QR code < ปิดหน้าต่าง
LEADER : 00000nam 2200000uu 4500
001    13399112492
003     ULIB
008    110627s2550||||th 000 0 tha d
020    9789747525571
090    นว.^bท124ต 2550
100 0  ทรงกลด บางยี่ขัน
245 00 ต้นไม้ใต้โลก/^cทรงกลด บางยี่ขัน
250    พิมพ์ครั้งที่ 1
260    กรุงเทพฯ :^ba book,^c2550
300    226 หน้า
710 1  a book
945    ^p185^l0^i022002
995    ทศพร
999 ^a ใช้งานได้ทุกระบบ
รายการนี้ยังไม่มีแท็ก
คุณยังไม่ได้ล็อกอิน คุณสามารถมีกิจกรรมร่วมกับเว็บไซต์ได้ แต่ต้องล็อกอินก่อน ::
  ล็อกอิน

รายการสื่อสารสนเทศ

ลำดับที่ ประเภท เลขเรียก/บาร์โค้ด สถานที่ สถานะ
- ไม่พบข้อมูล -

รายการใกล้เคียง
    ผู้แต่ง [ทรงกลด บางยี่ขัน]

BibComment


ยังไม่เคยถูกคอมเมนท์

คอมเมนท์ทรัพยากรรายการนี้
  คอมเมนท์: ต้นไม้ใต้โลก ทรงก..


 Copyright 2026. Bcnsprnw @Library